Real Betis Balompié Squad 2024-2025 - Statistics

General Stats
  • This quiz has been taken 293 times
    153 since last reset
  • The average score is 21 of 30
Answer Stats
# Position Nation Player % Correct
17 FW Brazil Antony
95%
4 MF United States Johnny Cardoso
89%
10 FW Morocco Ez Abde
87%
22 MF Spain Isco
86%
- Coach Chile Manuel Pellegrini
85%
36 FW Spain Jesús Rodríguez
84%
12 DF Switzerland Ricardo Rodríguez
83%
1 GK Portugal Rui Silva
82%
19 FW Colombia Cucho Hernández
77%
6 DF Brazil Natan
77%
23 DF Senegal Youssouf Sabaly
77%
14 MF Portugal William Carvalho
76%
13 GK Spain Adrián
75%
9 FW Argentina Chimy Ávila
75%
5 DF Spain Marc Bartra
75%
2 DF Spain Héctor Bellerín
74%
11 FW DR Congo Cédric Bakambu
73%
20 MF Argentina Giovani Lo Celso
71%
3 DF Spain Diego Llorente
69%
15 DF France Romain Perraud
69%
24 FW Spain Aitor Ruibal
60%
8 FW Brazil Vitor Roque
57%
25 GK Spain Fran Vieites
56%
16 MF Spain Sergi Altimira
54%
21 MF Spain Marc Roca
53%
18 MF Spain Pablo Fornals
53%
7 FW Spain Juanmi
44%
38 FW Spain Assane Diao
42%
40 DF Spain Ángel Ortiz
32%
19 FW Spain Iker Losada
26%
No matching quizzes found
Score Distribution
Percent of People with Each Score
Percentile by Number Answered
Your Score History
You have not taken this quiz since the last reset